| 000 | 01514nam a2200229Ia 4500 | ||
|---|---|---|---|
| 003 | Ost | ||
| 005 | 20260507075255.0 | ||
| 008 | 260507s9999||||xx |||||||||||||| ||und|| | ||
| 020 | _a473974512 | ||
| 040 | _cfsecg | ||
| 041 | _aara | ||
| 082 | _a330 | ||
| 100 |
_aالجوعاني، محمد نجيب حمادي _eمؤلف |
||
| 245 | 0 |
_aضوابط التجارة في الاقتصاد الاسلامي / _c محمد نجيب حمادي الجوعاني |
|
| 260 |
_aلبنان: _bالكتب العلمية, _c2005 |
||
| 300 |
_a526 صفحة؛ _c25 سم |
||
| 504 | _aالمراجع ص.484 (اقتناءات 2014 3ن) | ||
| 520 | _aالأسس المذهبية للاقتصاد الاسلامي ، التجارة و أهميتها في الاسلام ، تكوين عقد البيع و أهم الخيارات المشروعة فيه و أنواعه مع مكانة الاخلاق في الاقتصاد الوضعي و الاقتصاد الماركسي مع الضوابط الاخلاقية الاسلامية الكلية و انعكاساتها الاقتصادية و الضوابط الاخلاقية للتاجر المسلم في السوق مع تناول الضوابط المتعلقة بالثمن و المتعلقة بالسلعة و ضوابط تحريم المعاملات الربوية و الاحتكارية و كذلك الضوابط المتعلقة بالتجارة الخارجية . | ||
| 653 | _aالإقتصاد الإسلامي | ||
| 653 | _aالتجارة | ||
| 942 | _cكتاب | ||
| 999 |
_c43733 _d43733 |
||